[Event "4NCL/Div1/3CS1 vs. WES1"]
[Site "West Bromwich ENG"]
[Date "2004.09.19"]
[Round "2.8"]
[White "Evans-Quek, Debbie"]
[Black "Martin, Katie"]
[Result "1/2-1/2"]
[WhiteElo "2013"]
[BlackElo "1977"]
[PlyCount "133"]
[EventDate "2004.09.19"]
[SourceDate "2004.09.21"]

1. g3 Nf6 2. Bg2 g6 3. d3 Bg7 4. Nf3 d6 5. e4 Nbd7 6. O-O O-O 7. c3 c5 8. Qe2
Rb8 9. a4 a6 10. a5 b5 11. axb6 Qxb6 12. Na3 Ne8 13. Nc4 Qa7 14. Bg5 Nb6 15.
Na5 Qd7 16. e5 d5 17. Qe3 Qc7 18. Bxe7 Qxe7 19. Nc6 Qc7 20. Nxb8 Qxb8 21. Qxc5
Nc7 22. Rfe1 Nd7 23. Qd6 Re8 24. d4 Bf8 25. Qc6 Re6 26. Qa4 Qxb2 27. Rab1 Qa3
28. Qxa3 Bxa3 29. Bh3 Rc6 30. Rb3 Nb5 31. Ra1 Bf8 32. Bf1 Nxc3 33. Kg2 Ne4 34.
Ne1 Nd2 35. Rb2 Nxf1 36. Kxf1 Rc4 37. Nc2 Bh6 38. f4 Nf8 39. Ne3 Rxd4 40. Rb8
Bh3+ 41. Ke2 g5 42. Rxa6 Bg7 43. Raa8 gxf4 44. gxf4 Bh6 45. Rd8 Be6 46. f5 Re4
47. fxe6 Rxe3+ 48. Kf2 Rxe5 49. exf7+ Kxf7 50. Ra5 Be3+ 51. Kf3 Rf5+ 52. Kg4
Rf4+ 53. Kg3 d4 54. Ra7+ Kg8 55. Re7 {(=)} Rf5 56. h4 h5 57. Red7 Bf2+ 58. Kh3
Rf4 59. Rd5 Rxh4+ 60. Kg2 Be3 61. Rf5 Bh6 62. Kg3 Re4 63. Rxh5 Bg7 64. Kf3 Re6
65. Rg5 Kf7 66. Rxg7+ Kxg7 67. Rxd4 1/2-1/2

[Event "4NCL/Div1/BAR1 vs. BET"]
[Site "West Bromwich ENG"]
[Date "2004.09.19"]
[Round "2.2"]
[White "Hunt, Adam C"]
[Black "Knott, Simon"]
[Result "1-0"]
[WhiteElo "2434"]
[BlackElo "2359"]
[PlyCount "81"]
[EventDate "2004.09.19"]
[SourceDate "2004.09.21"]

1. e4 e6 2. d4 d5 3. Nc3 Bb4 4. e5 c5 5. a3 Bxc3+ 6. bxc3 Nc6 7. Qg4 g6 8. a4
Bd7 9. Qf4 f6 10. Nf3 Qc7 11. Bd2 fxe5 12. Nxe5 Nxe5 13. dxe5 O-O-O 14. Bb5 Ne7
15. O-O Rdf8 16. Qe3 Bxb5 17. axb5 b6 18. c4 d4 19. Qh3 Rf5 20. g4 Rf7 21. Bg5
h5 22. Bf6 Rg8 23. Ra3 hxg4 24. Qxg4 Nf5 25. Rd1 Kb8 26. Rad3 Rh7 27. Rh3 g5 {
(=)} 28. Rdd3 Qf7 29. Rxh7 Qxh7 30. Rh3 Qg6 31. Kf1 Ng7 32. Bxg7 Rxg7 33. Rh8+
Rg8 34. Rxg8+ Qxg8 35. h4 Qh7 36. hxg5 Qxc2 37. g6 Qxc4+ 38. Kg1 Qxb5 39. g7 d3
40. g8=Q+ Kb7 41. Q8xe6 1-0

[Event "4NCL/Div1/BAR1 vs. BET"]
[Site "West Bromwich ENG"]
[Date "2004.09.19"]
[Round "2.3"]
[White "Collins, Sam"]
[Black "Williams, Simon K"]
[Result "1-0"]
[WhiteElo "2387"]
[BlackElo "2427"]
[PlyCount "77"]
[EventDate "2004.09.19"]
[SourceDate "2004.09.21"]

1. e4 g5 2. d4 h6 3. Nc3 Bg7 4. Be3 d6 5. Qd2 Nc6 6. O-O-O a6 7. Nge2 b5 8. f4
Nf6 9. fxg5 hxg5 10. Ng3 Ng4 11. Bg1 b4 12. Nd5 e6 13. Nxb4 Nxb4 14. Qxb4 Qf6
15. Be2 Qf4+ 16. Qd2 f5 17. Rf1 Qxd2+ 18. Kxd2 Nf6 19. exf5 exf5 20. Nxf5 Ne4+
21. Kd3 Bxf5 22. Rxf5 Ng3 23. Rxg5 Nxh1 24. Rxg7 O-O-O 25. Rf7 Rdf8 26. Rxf8+
Rxf8 27. Bf3 Re8 28. Be3 Rh8 29. Ke2 Rxh2 30. Bg4+ Kb8 31. Bh3 Ng3+ 32. Kf2 Rh1
33. Kxg3 Rb1 34. b3 Rb2 35. Bf5 Rxa2 36. Kf2 Ra5 37. g4 c5 38. dxc5 dxc5 39.
Bd3 1-0

[Event "4NCL/Div1/BAR1 vs. BET"]
[Site "West Bromwich ENG"]
[Date "2004.09.19"]
[Round "2.5"]
[White "Pritchett, Craig W"]
[Black "Ledger, David J"]
[Result "1/2-1/2"]
[WhiteElo "2284"]
[BlackElo "2285"]
[PlyCount "49"]
[EventDate "2004.09.19"]
[SourceDate "2004.09.21"]

1. e4 e5 2. Nf3 Nc6 3. Bb5 Nf6 4. d3 Bc5 5. Be3 Qe7 6. Nc3 Nd4 7. Ba4 O-O 8.
O-O d6 9. Bxd4 exd4 10. Ne2 Bg4 11. Ng3 d5 12. exd5 Nxd5 13. h3 Bxf3 14. Qxf3
c6 15. Bb3 Rad8 16. Rae1 Qc7 17. Re4 Nf6 18. Rf4 Nd5 19. Rf5 g6 20. Rg5 Be7 21.
Rg4 Nf6 22. Rf4 Qe5 23. Ne2 Kg7 24. Re1 Rfe8 25. c3 1/2-1/2

[Event "4NCL/Div1/BAR1 vs. BET"]
[Site "West Bromwich ENG"]
[Date "2004.09.19"]
[Round "2.6"]
[White "Naylor, John"]
[Black "Taylor, Martin R"]
[Result "0-1"]
[WhiteElo "2235"]
[BlackElo "2331"]
[PlyCount "74"]
[EventDate "2004.09.19"]
[SourceDate "2004.09.21"]

1. e4 e5 2. Nf3 Nc6 3. d4 exd4 4. Nxd4 Nf6 5. Nxc6 bxc6 6. Bd3 d5 7. e5 Ng4 8.
O-O Bc5 9. Qe2 Qe7 10. Bf4 g5 11. Bd2 Nxe5 12. Re1 Bd6 13. f4 gxf4 14. Bxf4 f6
15. Nd2 Kd8 16. Kh1 Qg7 17. Ba6 Rg8 18. Bxc8 Rxc8 19. Rad1 Qg4 20. Qf1 Rb8 21.
Bg3 Nd7 22. Bxd6 cxd6 23. Nb3 Rb4 24. h3 Qg6 25. Nd4 Rb6 26. c4 Rxb2 27. Ne6+
Kc8 28. Nf4 Qg3 29. cxd5 Nc5 30. dxc6 Rf2 31. Qc4 Rxf4 32. Qd5 Rf2 33. Rg1 Qg5
34. Qxd6 Rxg2 35. Rge1 Rxa2 36. Rg1 Rg2 37. Rgf1 Qg3 0-1

[Event "4NCL/Div1/BAR1 vs. BET"]
[Site "West Bromwich ENG"]
[Date "2004.09.19"]
[Round "2.7"]
[White "Devereaux, Maxim"]
[Black "Nelson, Jonathan"]
[Result "1-0"]
[WhiteElo "2331"]
[BlackElo "2282"]
[PlyCount "135"]
[EventDate "2004.09.19"]
[SourceDate "2004.09.21"]

1. d4 Nf6 2. c4 g6 3. Nc3 Bg7 4. e4 d6 5. Nf3 O-O 6. Be2 e5 7. O-O Nc6 8. d5
Ne7 9. Ne1 Nd7 10. Be3 f5 11. f3 f4 12. Bf2 g5 13. Rc1 Rf6 14. Nd3 Rh6 15. c5
a6 16. c6 Nf6 17. cxb7 Bxb7 18. Nxe5 dxe5 19. Qb3 Bxd5 20. exd5 Kh8 21. Rfd1
Nf5 22. Qc4 Nd6 23. Qc6 e4 24. Nxe4 Nfxe4 25. fxe4 Nxe4 26. d6 Nxd6 27. Qxc7
Qxc7 28. Rxc7 Nb5 29. Rb7 Rd6 30. Rxd6 Nxd6 31. Rd7 Ne4 32. Bd4 Bxd4+ 33. Rxd4
Nf6 34. Rd6 Kg7 35. Rxa6 Rc8 36. Ra7+ Kf8 37. Bd3 Rd8 38. Ra3 h5 39. b4 g4 40.
b5 Nd5 41. Rb3 Nb6 42. Kf2 Ke7 43. Ke2 Ra8 44. a3 Kd6 45. Bg6 Rg8 46. Rc3 Ke5
47. Bxh5 Rg7 48. Kf2 Nd5 49. Rb3 Nb6 50. Be8 Ra7 51. Bc6 Ra4 52. g3 f3 53. h3
gxh3 54. Bxf3 Rc4 55. Re3+ Kf5 56. Kg1 Rc5 57. Kh2 Rxb5 58. Kxh3 Ra5 59. Rc3
Kg5 60. Bc6 Nc8 61. a4 Re5 62. Rb3 Nd6 63. Rd3 Re6 64. Rd5+ Kg6 65. Bd7 Rf6 66.
a5 Ne4 67. a6 Ng5+ 68. Kg4 1-0

[Event "4NCL/Div1/BAR1 vs. BET"]
[Site "West Bromwich ENG"]
[Date "2004.09.19"]
[Round "2.8"]
[White "Lyell, Meri"]
[Black "Lauterbach, Ingrid"]
[Result "0-1"]
[WhiteElo "2003"]
[BlackElo "2166"]
[PlyCount "154"]
[EventDate "2004.09.19"]
[SourceDate "2004.09.21"]

1. e4 c5 2. b3 b6 3. Bb2 Bb7 4. Nc3 Nc6 5. f4 e6 6. Nf3 Nf6 7. Be2 Nd4 8. Bd3
Be7 9. O-O Nxf3+ 10. Rxf3 Qc7 11. Nb5 Qc6 12. Bxf6 Bxf6 13. e5 Be7 14. Nc3 f5
15. Bb5 Qc7 16. Rg3 g6 17. Be2 a6 18. Bf3 d5 19. exd6 Bxd6 20. Bxb7 Qxb7 21.
Qe2 Kf7 22. Re1 Rae8 23. Re3 Qc8 24. Qf3 c4 25. R3e2 b5 26. Kh1 Re7 27. Nd5
Ree8 28. Ne3 cxb3 29. cxb3 Qa8 30. Qg3 Qb8 31. Rf1 h6 32. Qf3 Qa8 33. Qxa8 Rxa8
34. Nc2 g5 35. Nd4 Rae8 36. g3 gxf4 37. gxf4 Rhg8 38. Nc6 Rg4 39. Ne5+ Bxe5 40.
fxe5 Rc8 41. d3 Rc3 42. Rd2 Rd4 43. Rfd1 Rc5 44. Re1 Rcd5 45. Re3 f4 46. Rf2
Kg6 47. Re4 Rxe4 48. dxe4 Rxe5 49. Rxf4 Kg5 50. Rf2 Rxe4 51. Kg2 Rg4+ 52. Kh3
Rd4 53. Rc2 e5 54. Kg3 Rd3+ 55. Kf2 Kf4 56. Ke2 Rd6 57. Rc7 Rg6 58. Kf2 Ke4 59.
Re7 Rc6 60. Kg1 Rc1+ 61. Kg2 Rc2+ 62. Kg3 Rxa2 63. Re6 a5 64. Rxh6 Ra3 65. Kg4
Rxb3 66. h4 Rb1 67. Kg5 a4 68. Ra6 Kd4 69. h5 e4 70. h6 Rh1 71. Kf4 e3 72. Kf3
Rh3+ 73. Ke2 Rh2+ 74. Kf3 e2 75. Re6 Rxh6 76. Re4+ Kd5 77. Rxe2 Rf6+ 0-1

[Event "4NCL/Div1/AD1 vs. NWE1"]
[Site "West Bromwich ENG"]
[Date "2004.09.19"]
[Round "2.1"]
[White "Chandler, Murray G"]
[Black "Haslinger, Stewart"]
[Result "0-1"]
[WhiteElo "2531"]
[BlackElo "2408"]
[PlyCount "106"]
[EventDate "2004.09.19"]
[SourceDate "2004.09.21"]

1. e4 e5 2. Nf3 Nc6 3. Bb5 a6 4. Ba4 Nf6 5. O-O Be7 6. Re1 b5 7. Bb3 d6 8. c3
O-O 9. h3 Na5 10. Bc2 c5 11. d4 Qc7 12. Nbd2 cxd4 13. cxd4 Nc6 14. Nb3 a5 15.
Be3 a4 16. Nbd2 Be6 17. a3 d5 18. Rc1 exd4 19. Nxd4 Nxd4 20. Bxd4 Qf4 21. g3
Qh6 22. e5 Nd7 23. h4 g5 24. Be3 Nxe5 25. Bxg5 Bxg5 26. hxg5 Qxg5 27. Nf3 Nxf3+
28. Qxf3 Rac8 29. Qd3 Qh6 30. Ra1 Rc5 31. Bd1 Rfc8 32. Bf3 Qf6 33. Kg2 Bf5 34.
Qd2 Be4 35. Bxe4 dxe4 36. Qe3 Rc2 37. Rad1 Rxb2 38. Re2 Rxe2 39. Qxe2 Qf3+ 40.
Qxf3 exf3+ 41. Kh3 Rc2 42. Rb1 Rxf2 43. Rxb5 Ra2 44. Rf5 Rxa3 45. Rf4 Ra1 46.
Rxf3 a3 47. Kg2 Kg7 48. Kh2 Kg6 49. Kg2 h5 50. Kh2 f5 51. Rf4 a2 52. Ra4 h4 53.
gxh4 f4 0-1

[Event "4NCL/Div1/AD1 vs. NWE1"]
[Site "West Bromwich ENG"]
[Date "2004.09.19"]
[Round "2.2"]
[White "Trent, Lawrence"]
[Black "Hennigan, Michael T"]
[Result "1/2-1/2"]
[WhiteElo "2400"]
[BlackElo "2431"]
[PlyCount "83"]
[EventDate "2004.09.19"]
[SourceDate "2004.09.21"]

1. d4 Nf6 2. Bg5 c5 3. Nc3 cxd4 4. Qxd4 Nc6 5. Qh4 e6 6. O-O-O Be7 7. e4 Qa5 8.
f4 d6 9. Nf3 a6 10. Kb1 h6 11. Bc4 Rg8 12. Bxf6 Bxf6 13. Qe1 Bxc3 14. bxc3 Qc5
15. Bb3 a5 16. a4 b5 17. Qg1 Qxc3 18. Rd3 Qb4 19. Qb6 Bd7 20. Qxb5 Qxe4 21. Re1
Qxf4 22. g3 Qb4 23. Qh5 Rb8 24. Re2 Qc5 25. Rd5 Qa3 26. Rb5 Ke7 27. Qh4+ g5 28.
Qxh6 Rg6 29. Qh5 Rxb5 30. axb5 a4 31. bxc6 axb3 32. c3 Bxc6 33. Nd4 Bd5 34. Qh8
Qa6 35. Qb8 Rf6 36. Re1 Rf2 37. Qc7+ Kf8 38. Qd8+ Kg7 39. Qxg5+ Kf8 40. Qd8+
Kg7 41. Qg5+ Kf8 42. Qd8+ 1/2-1/2

[Event "4NCL/Div1/AD1 vs. NWE1"]
[Site "West Bromwich ENG"]
[Date "2004.09.19"]
[Round "2.3"]
[White "Richardson, John R"]
[Black "Hanley, Craig A"]
[Result "1-0"]
[WhiteElo "2309"]
[BlackElo "2356"]
[PlyCount "77"]
[EventDate "2004.09.19"]
[SourceDate "2004.09.21"]

1. d4 Nf6 2. c4 g6 3. g3 Bg7 4. Bg2 O-O 5. Nc3 d6 6. Nf3 Nc6 7. O-O a6 8. e4
Bg4 9. h3 Bxf3 10. Bxf3 e5 11. d5 Nd4 12. Bg2 b5 13. Be3 Qb8 14. Ne2 bxc4 15.
Nxd4 exd4 16. Bxd4 Qb5 17. Rc1 Rab8 18. Qc2 Nd7 19. Bxg7 Kxg7 20. Qxc4 Qxc4 21.
Rxc4 Rxb2 22. Rxc7 Rd8 23. f4 Rxa2 24. Rb1 Kg8 25. Rc6 f5 26. Rxd6 fxe4 27.
Bxe4 Kf8 28. Bf3 a5 29. Bg4 Ke7 30. Re6+ Kf8 31. Rd6 Ke7 32. Rc6 a4 33. Re1+
Kf8 34. Rc7 a3 35. Bxd7 Rb2 36. Be6 a2 37. Rf7+ Ke8 38. d6 Rb1 39. Re7+ 1-0

[Event "4NCL/Div1/AD1 vs. NWE1"]
[Site "West Bromwich ENG"]
[Date "2004.09.19"]
[Round "2.4"]
[White "Quillan, Gary"]
[Black "Lyell, Mark"]
[Result "1-0"]
[WhiteElo "2323"]
[BlackElo "2217"]
[PlyCount "69"]
[EventDate "2004.09.19"]
[SourceDate "2004.09.21"]

1. e4 e5 2. Nf3 Nc6 3. Bb5 f5 4. d3 fxe4 5. dxe4 Nf6 6. O-O Bc5 7. Nc3 O-O 8.
Ng5 Qe7 9. Bc4+ Kh8 10. Nd5 Nxd5 11. exd5 Nd8 12. Qd3 g6 13. Ne4 Nf7 14. Nxc5
Qxc5 15. b4 Qe7 16. Bb2 d6 17. f4 Bf5 18. Qe2 Kg8 19. Rae1 Rae8 20. Qf2 Qd7 21.
Bb3 Qb5 22. Qd2 exf4 23. a4 Qd7 24. Qxf4 h5 25. Qd4 Re5 26. Qxa7 Rxe1 27. Rxe1
Re8 28. Qf2 Ng5 29. Re3 Ne4 30. Qe1 Kh7 31. c4 Re7 32. Bc2 Qe8 33. Bf6 Rf7 34.
Bxe4 Qxa4 35. Bxf5 1-0

[Event "4NCL/Div1/AD1 vs. NWE1"]
[Site "West Bromwich ENG"]
[Date "2004.09.19"]
[Round "2.5"]
[White "Snape, Ian"]
[Black "Kennaugh, Charles W"]
[Result "1/2-1/2"]
[WhiteElo "2228"]
[BlackElo "2287"]
[PlyCount "49"]
[EventDate "2004.09.19"]
[SourceDate "2004.09.21"]

1. c4 e5 2. Nc3 Bb4 3. Nd5 a5 4. Nf3 e4 5. a3 Bd6 6. Nd4 c6 7. Nc3 Be5 8. e3
Nf6 9. d3 exd3 10. Bxd3 d5 11. cxd5 Nxd5 12. Qh5 Bf6 13. Nxd5 cxd5 14. Bb5+ Kf8
15. O-O Na6 16. Rb1 Nc7 17. Bd3 g6 18. Qe2 Kg7 19. b3 Re8 20. Bb2 Ne6 21. Nxe6+
Bxe6 22. Bb5 Rf8 23. Rfd1 Bxb2 24. Qxb2+ Qf6 25. Qxf6+ 1/2-1/2

[Event "4NCL/Div1/AD1 vs. NWE1"]
[Site "West Bromwich ENG"]
[Date "2004.09.19"]
[Round "2.6"]
[White "Carleton, John J"]
[Black "Wheeler, Darren P"]
[Result "1-0"]
[WhiteElo "2284"]
[BlackElo "2239"]
[PlyCount "59"]
[EventDate "2004.09.19"]
[SourceDate "2004.09.21"]

1. d4 e6 2. c4 Nf6 3. Nc3 Bb4 4. f3 d5 5. a3 Bxc3+ 6. bxc3 c5 7. e3 O-O 8. Rb1
b6 9. cxd5 exd5 10. Bd3 Qc7 11. Ne2 Re8 12. O-O Ba6 13. Ng3 Bxd3 14. Qxd3 h5
15. e4 cxd4 16. cxd4 g6 17. e5 Nh7 18. f4 Rc8 19. Bb2 Nc6 20. f5 Ne7 21. f6 h4
22. e6 hxg3 23. exf7+ Kxf7 24. fxe7+ Kg7 25. Qe3 gxh2+ 26. Kh1 Nf6 27. Qe6 Nh5
28. Rf7+ Kh8 29. e8=Q+ Rxe8 30. Qxe8+ 1-0

[Event "4NCL/Div1/AD1 vs. NWE1"]
[Site "West Bromwich ENG"]
[Date "2004.09.19"]
[Round "2.7"]
[White "Anderton, David"]
[Black "Littlewood, John E"]
[Result "1/2-1/2"]
[WhiteElo "2252"]
[BlackElo "2308"]
[PlyCount "65"]
[EventDate "2004.09.19"]
[SourceDate "2004.09.21"]

1. d4 Nf6 2. c4 g6 3. g3 Bg7 4. Bg2 O-O 5. Nc3 d6 6. Nf3 c6 7. O-O a6 8. e4 b5
9. cxb5 axb5 10. e5 Ne8 11. Re1 b4 12. Ne4 Be6 13. Bd2 Qb6 14. a3 bxa3 15. Rxa3
Rxa3 16. bxa3 dxe5 17. dxe5 Nd7 18. Neg5 Bd5 19. e6 fxe6 20. Nxe6 Rf7 21. Be3
Qa5 22. Nfg5 Bb3 23. Qe2 Bc4 24. Qd2 Qxd2 25. Bxd2 Bxe6 26. Nxe6 Be5 27. Bxc6
Nef6 28. a4 Bd6 29. a5 Ne5 30. Rxe5 Bxe5 31. a6 Bb8 32. Be3 Ng4 33. a7 1/2-1/2

[Event "4NCL/Div1/AD1 vs. NWE1"]
[Site "West Bromwich ENG"]
[Date "2004.09.19"]
[Round "2.8"]
[White "Milligan, Helen"]
[Black "Bellin, Jana"]
[Result "1/2-1/2"]
[WhiteElo "2077"]
[BlackElo "2184"]
[PlyCount "48"]
[EventDate "2004.09.19"]
[SourceDate "2004.09.21"]

1. e4 c5 2. Nf3 e6 3. d4 cxd4 4. Nxd4 a6 5. Bd3 Nf6 6. O-O d6 7. c4 Nbd7 8. Nc3
g6 9. Bg5 Bg7 10. Rc1 h6 11. Be3 O-O 12. b3 Qc7 13. Bb1 b6 14. Kh1 Bb7 15. f3
Rac8 16. Qd2 Kh7 17. Rfd1 Rfd8 18. Qf2 Ba8 19. Nde2 Qb8 20. h3 Ne8 21. Nd4 Nef6
22. Bd3 Nc5 23. Bf1 e5 24. Nc2 Bc6 1/2-1/2

[Event "4NCL/Div1/WGR1 vs. WGR2"]
[Site "West Bromwich ENG"]
[Date "2004.09.19"]
[Round "2.2"]
[White "Arakhamia-Grant, Ketevan"]
[Black "Baburin, Alexander"]
[Result "0-1"]
[WhiteElo "2446"]
[BlackElo "2527"]
[PlyCount "116"]
[EventDate "2004.09.19"]
[SourceDate "2004.09.21"]

1. e4 Nf6 2. e5 Nd5 3. d4 d6 4. Nf3 dxe5 5. Nxe5 c6 6. Nd2 Nd7 7. Ndf3 Nxe5 8.
Nxe5 Bf5 9. Qf3 e6 10. Bd3 Bb4+ 11. Kd1 Ne7 12. c3 O-O 13. g4 Bxd3 14. Nxd3 Bd6
15. Kc2 Nd5 16. h4 b5 17. Bd2 Qc7 18. g5 c5 19. dxc5 Bxc5 20. Qe4 Bd6 21. Rac1
Qc4 22. Qxc4 bxc4 23. Nb4 Ne7 24. Kb1 Bc5 25. f4 Rfd8 26. Rh2 a5 27. Nc2 Nf5
28. h5 Rd3 29. Re1 Rad8 30. Bc1 Rd1 31. Rhh1 R1d5 32. h6 gxh6 33. gxh6 Kf8 34.
Rh2 Rd1 35. Rxd1 Rxd1 36. b3 Bd6 37. Rf2 cxb3 38. axb3 Nxh6 39. Ne3 Rh1 40. Kc2
Rh5 41. Nc4 Bc7 42. Rg2 f6 43. Be3 Nf5 44. Bc5+ Kf7 45. Rd2 Bxf4 46. Rd7+ Kg6
47. Nxa5 Rh2+ 48. Kd1 h5 49. Nc6 h4 50. Nd8 h3 51. Nxe6 Ne3+ 52. Bxe3 Bxe3 53.
Rg7+ Kf5 54. Rg3 Ke4 55. Nd4 Rd2+ 56. Ke1 Bf2+ 57. Kxd2 Bxg3 58. Ne2 Bf2 0-1

[Event "4NCL/Div1/WGR1 vs. WGR2"]
[Site "West Bromwich ENG"]
[Date "2004.09.19"]
[Round "2.3"]
[White "Lalic, Bogdan"]
[Black "Sowray, Peter J"]
[Result "1/2-1/2"]
[WhiteElo "2527"]
[BlackElo "2364"]
[PlyCount "75"]
[EventDate "2004.09.19"]
[SourceDate "2004.09.21"]

1. d4 e6 2. c4 Nf6 3. Nf3 b6 4. g3 Bb7 5. Bg2 Be7 6. Nc3 Ne4 7. Bd2 f5 8. d5
Bf6 9. Qc2 Nd6 10. Bf4 Qe7 11. Bxd6 Qxd6 12. O-O Na6 13. e4 Bxc3 14. Qxc3 fxe4
15. Ng5 exd5 16. cxd5 O-O 17. Nxe4 Qb4 18. Qc2 Nc5 19. Rac1 Nxe4 20. Bxe4 h6
21. a3 Qd4 22. Rfd1 Qf6 23. f3 Rae8 24. Qc4 Ba6 25. Qd4 Qd6 26. Rd2 Bb7 27. Qc4
Rf6 28. Kg2 Rc8 29. h4 Rf7 30. Rd4 Qf6 31. Qc3 c5 32. dxc6 dxc6 33. Qd2 c5 34.
Rd6 Qe7 35. Re1 Bxe4 36. Rxe4 Qb7 37. Rd8+ Rxd8 38. Qxd8+ 1/2-1/2

[Event "4NCL/Div1/WGR1 vs. WGR2"]
[Site "West Bromwich ENG"]
[Date "2004.09.19"]
[Round "2.4"]
[White "Rechel, Bernd"]
[Black "Emms, John M"]
[Result "0-1"]
[WhiteElo "2408"]
[BlackElo "2508"]
[PlyCount "56"]
[EventDate "2004.09.19"]
[SourceDate "2004.09.21"]

1. e4 c5 2. Nf3 e6 3. c3 d5 4. e5 d4 5. Bd3 Bd7 6. O-O Bc6 7. Re1 Ne7 8. b4
cxb4 9. Nxd4 Ng6 10. Bc4 Be7 11. a3 bxc3 12. dxc3 O-O 13. Qh5 Nd7 14. Nxc6 bxc6
15. Nd2 Qa5 16. Re3 Ndxe5 17. Rh3 h6 18. Nb3 Qa4 19. Bxh6 gxh6 20. Qxh6 Rfd8
21. Bxe6 fxe6 22. f4 Qxb3 23. Qh5 Rab8 24. Rc1 Qb6+ 25. Kh1 Qb1 26. Qh7+ Kf8
27. Qh6+ Ke8 28. fxe5 Rd1+ 0-1

[Event "4NCL/Div1/WGR1 vs. WGR2"]
[Site "West Bromwich ENG"]
[Date "2004.09.19"]
[Round "2.5"]
[White "Ward, Christopher"]
[Black "Pert, Richard G"]
[Result "1/2-1/2"]
[WhiteElo "2490"]
[BlackElo "2407"]
[PlyCount "42"]
[EventDate "2004.09.19"]
[SourceDate "2004.09.21"]

1. d4 Nf6 2. Bg5 c5 3. Bxf6 gxf6 4. d5 Qb6 5. Qc1 f5 6. c4 Bg7 7. Nc3 d6 8. e3
Nd7 9. Nf3 Nf6 10. Bd3 Ne4 11. Bxe4 fxe4 12. Nd2 Bf5 13. g4 Bg6 14. h4 h5 15.
g5 O-O-O 16. Qc2 e6 17. O-O-O Rhe8 18. dxe6 fxe6 19. f4 Kb8 20. Kb1 Qc6 21. Nb3
d5 1/2-1/2

[Event "4NCL/Div1/WGR1 vs. WGR2"]
[Site "West Bromwich ENG"]
[Date "2004.09.19"]
[Round "2.6"]
[White "Tiller, Bjorn"]
[Black "Gormally, Daniel W"]
[Result "0-1"]
[WhiteElo "2390"]
[BlackElo "2479"]
[PlyCount "114"]
[EventDate "2004.09.19"]
[SourceDate "2004.09.21"]

1. e4 c6 2. f4 d5 3. d3 dxe4 4. dxe4 Qxd1+ 5. Kxd1 e5 6. fxe5 Ne7 7. Bf4 Ng6 8.
Bg3 Bc5 9. Nf3 O-O 10. Nbd2 Re8 11. Nc4 b5 12. Nd6 Bxd6 13. exd6 Rxe4 14. Bd3
Re8 15. a4 b4 16. Kd2 Be6 17. Be4 Bd5 18. Bf5 Rd8 19. h4 Nd7 20. Bxd7 Rxd7 21.
h5 Ne7 22. Nd4 Nc8 23. Nf5 Be6 24. Rae1 h6 25. Rhf1 Bxf5 26. Re8+ Kh7 27. Rxc8
Rxc8 28. Rxf5 g6 29. hxg6+ Kxg6 30. Rc5 Kf6 31. Ke3 Rg8 32. Kf3 Ke6 33. Re5+
Kf6 34. Rh5 b3 35. c4 Rxg3+ 36. Kxg3 Rxd6 37. Rxh6+ Ke5 38. Rh7 Rd3+ 39. Kf2
Kd4 40. Ke2 Re3+ 41. Kd2 Rg3 42. Rxf7 Rxg2+ 43. Kc1 Ke3 44. Re7+ Kd3 45. Rd7+
Kxc4 46. Rh7 Rc2+ 47. Kb1 Re2 48. Kc1 c5 49. a5 Re6 50. Rg7 a6 51. Rh7 Rg6 52.
Rf7 Rg3 53. Kd2 Kb4 54. Rc7 Rg2+ 55. Kc1 Rg1+ 56. Kd2 Rb1 57. Rb7+ Kc4 0-1

[Event "4NCL/Div1/WGR1 vs. WGR2"]
[Site "West Bromwich ENG"]
[Date "2004.09.19"]
[Round "2.7"]
[White "Levitt, Jonathan P"]
[Black "Law, Andrew P"]
[Result "1-0"]
[WhiteElo "2432"]
[BlackElo "2317"]
[PlyCount "61"]
[EventDate "2004.09.19"]
[SourceDate "2004.09.21"]

1. d4 Nf6 2. c4 e6 3. Nc3 Bb4 4. e3 O-O 5. Bd3 d5 6. a3 Bxc3+ 7. bxc3 dxc4 8.
Bxc4 c5 9. Nf3 Qc7 10. Ba2 Nc6 11. O-O e5 12. h3 e4 13. Nh2 Bf5 14. Ng4 Nxg4
15. hxg4 Bd7 16. Bb2 Rad8 17. f3 exf3 18. Qxf3 Bc8 19. Rad1 Rd6 20. Qe4 Rh6 {
(=)} 21. Bxf7+ Kh8 22. Bh5 Rhf6 23. Rxf6 gxf6 24. d5 Qe5 25. Qf4 Na5 26. Rf1
Qxf4 27. Rxf4 b5 28. c4 Nxc4 29. Bxf6+ Kg8 30. e4 Bb7 31. g5 1-0

[Event "4NCL/Div1/WGR1 vs. WGR2"]
[Site "West Bromwich ENG"]
[Date "2004.09.19"]
[Round "2.8"]
[White "McDonald, Neil"]
[Black "Hunt, Harriet"]
[Result "0-1"]
[WhiteElo "2380"]
[BlackElo "2385"]
[PlyCount "114"]
[EventDate "2004.09.19"]
[SourceDate "2004.09.21"]

1. c4 e5 2. Nc3 Nc6 3. Nf3 f5 4. d3 Nf6 5. g3 Bb4 6. Bg2 d6 7. O-O Bxc3 8. bxc3
O-O 9. Rb1 Qe8 10. c5 d5 11. Bg5 Rb8 12. Bxf6 Rxf6 13. Qb3 Kh8 14. Ne1 Be6 15.
Nc2 e4 16. Ne3 Qh5 17. Nxd5 Rh6 18. h3 Qxe2 19. dxe4 fxe4 20. Rfe1 Qh5 21. Rbd1
Rf8 22. h4 Ne5 23. c4 Qf7 24. Nf4 Nd3 25. Nxd3 Bxc4 26. Qxb7 Bxd3 27. Rd2 Rf6
28. Qb2 Qc4 29. Qc1 Qd4 30. Rxe4 Qxe4 31. Bxe4 Bxe4 32. Qb2 Bc6 33. Kh2 Rf3 34.
Qd4 h6 35. Kg1 Re8 36. Rd1 Re2 37. a3 Kh7 38. Kf1 Bb5 39. Kg1 Bc6 40. Rc1 Rxa3
41. Qf4 Rf3 42. Qxc7 Be4 43. Rf1 a5 44. Qe5 Bd3 45. Qd4 Be4 46. Kh2 Bc6 47. Kh3
a4 48. Qd6 Be4 49. c6 Rc2 50. c7 a3 51. Qe5 Bb7 52. h5 a2 53. Kh4 Rfxf2 54.
Rxf2 Rxf2 55. Qc3 Bc8 56. g4 Be6 57. Qc2+ Rxc2 0-1

[Event "4NCL/Div1/RICA vs. BRI1"]
[Site "West Bromwich ENG"]
[Date "2004.09.19"]
[Round "2.1"]
[White "Webb, Laurence E"]
[Black "Buckley, Simon T"]
[Result "1/2-1/2"]
[WhiteElo "2339"]
[BlackElo "2314"]
[PlyCount "85"]
[EventDate "2004.09.19"]
[SourceDate "2004.09.21"]

1. e4 e6 2. d4 d5 3. e5 c5 4. c3 Nc6 5. Nf3 Qb6 6. a3 Nh6 7. b4 cxd4 8. cxd4
Nf5 9. Be3 f6 10. exf6 gxf6 11. Bd3 Nxe3 12. fxe3 Bh6 13. Qe2 Bd7 14. O-O O-O
15. Nc3 Ne7 16. Kh1 Rac8 17. Nd1 Ng6 18. Nf2 e5 19. dxe5 Qxe3 20. Qa2 Be6 21.
Rae1 Qb6 22. Bxg6 hxg6 23. Nh4 Kh7 24. Qb1 f5 25. Nd3 Rc4 26. Nf3 d4 27. Nc5
Qc6 28. Qd3 Rd8 29. h4 b6 30. Nxe6 Qxe6 31. Rd1 b5 32. Qe2 Kg7 33. Rd3 Be3 34.
Rfd1 f4 35. Ng5 Qxe5 36. Qg4 Re8 37. Nf3 Qd5 38. Nd2 Rc3 39. Nf3 Rxd3 40. Rxd3
Re7 41. Qc8 Bf2 42. Qc5 Qxc5 43. bxc5 1/2-1/2

[Event "4NCL/Div1/RICA vs. BRI1"]
[Site "West Bromwich ENG"]
[Date "2004.09.19"]
[Round "2.2"]
[White "Beaumont, Chris"]
[Black "Bates, Richard A"]
[Result "1/2-1/2"]
[WhiteElo "2329"]
[BlackElo "2381"]
[PlyCount "84"]
[EventDate "2004.09.19"]
[SourceDate "2004.09.21"]

1. d4 Nf6 2. Nf3 g6 3. c4 Bg7 4. Nc3 O-O 5. e4 d6 6. Be2 Na6 7. O-O e5 8. Be3
Ng4 9. Bg5 Qe8 10. dxe5 dxe5 11. Nd2 h6 12. Bh4 Bf6 13. Bg3 h5 14. h3 Nh6 15.
Nd5 Bd8 16. f4 c6 17. Nc3 f6 18. fxe5 fxe5 19. Rxf8+ Qxf8 20. Nf3 Bc7 21. Qd2
Nf7 22. Rf1 Qd6 23. Qc1 Bd8 24. Kh1 Bf6 25. a3 Bd7 26. b4 Qe7 27. c5 Nc7 28.
Bc4 Be6 29. Na4 Bxc4 30. Qxc4 Ne6 31. Nb2 Kg7 32. Nd3 Neg5 33. Nxg5 Bxg5 34. b5
Rd8 {(=)} 35. bxc6 bxc6 36. Nb4 Rc8 37. Nd3 Rd8 38. Qa6 Bf6 39. Nb4 Qxc5 40.
Bf2 Qb5 41. Qxb5 cxb5 42. Nd5 Bg5 1/2-1/2

[Event "4NCL/Div1/RICA vs. BRI1"]
[Site "West Bromwich ENG"]
[Date "2004.09.19"]
[Round "2.3"]
[White "Hinks-Edwards, Thomas"]
[Black "Rudd, Jack"]
[Result "0-1"]
[WhiteElo "2366"]
[BlackElo "2281"]
[PlyCount "62"]
[EventDate "2004.09.19"]
[SourceDate "2004.09.21"]

1. e4 d6 2. d4 Nf6 3. Nc3 c6 4. f4 Qa5 5. e5 Ne4 6. Qf3 d5 7. Bd3 Na6 8. Nge2
Nb4 9. O-O Nxd3 10. cxd3 Nxc3 11. bxc3 g6 12. g4 h5 13. h3 Bd7 14. Bd2 O-O-O
15. a4 hxg4 16. hxg4 Rh4 17. f5 gxf5 18. gxf5 Bh6 19. Qg3 Rh8 20. Bxh6 R4xh6
21. Rae1 Qd8 22. Qg2 Rg8 23. Ng3 Rh4 24. Re3 Rhg4 25. Rff3 c5 26. e6 fxe6 27.
fxe6 Bxa4 28. Re5 cxd4 29. cxd4 Bd1 30. Rfe3 Qf8 31. Rxd5 Qf4 0-1